Informačný systém pre riadenie projektových úloh oddelenia údržby turistického strediska

Saved in:
Bibliographic Details
Main Author: Matsalak, Yana (Author)
Other Authors: Juhásová, Bohuslava (Thesis advisor)
Format: Manuscript Book
Language:Slovak
Published: 2025
Subjects:
Online Access:http://is.stuba.sk/zp/portal_zp.pl?podrobnosti=180278
Tags: Add Tag
No Tags, Be the first to tag this record!

MARC

LEADER 00000ntm a22000003a 4500
001 stuzp103665
003 SK-STU
005 20250628210720.3
007 ta
008 150427s2015----xo-----f-mn---000-0-slo-d
040 |a STU  |b slo 
041 0 |a slo 
100 1 |a Matsalak, Yana  |u 066000  |4 aut  |U MTF Materiálovotechnologická fakulta  |T MTF Ústav aplikovanej informatiky, automatizácie a mechatroniky  |X 123533  |U M6000  |Y 86  |7 123533 
242 0 1 |a Information system for managing project tasks of the tourist resort maintenance department  |y eng 
245 1 0 |a Informačný systém pre riadenie projektových úloh oddelenia údržby turistického strediska 
260 |c 2025 
650 4 |a Návrh  |2 slo 
650 4 |a implementácia  |2 slo 
650 4 |a UML  |2 slo 
650 4 |a Next.js  |2 slo 
650 4 |a SCSS  |2 slo 
650 4 |a Prisma  |2 slo 
650 4 |a MySQL  |2 slo 
650 4 |a databáza  |2 slo 
650 4 |a JavaScript\TypeScript  |2 slo 
650 4 |a SCSS  |2 eng 
650 4 |a Prisma  |2 eng 
650 4 |a MySQL  |2 eng 
650 4 |a database  |2 eng 
650 4 |a Design  |2 eng 
650 4 |a implementation  |2 eng 
650 4 |a UML  |2 eng 
650 4 |a Next.js  |2 eng 
650 4 |a JavaScript\TypeScript  |2 eng 
700 1 |a Juhásová, Bohuslava  |u 066000  |k Z1  |4 ths  |U MTF Materiálovotechnologická fakulta  |T MTF Ústav aplikovanej informatiky, automatizácie a mechatroniky  |X 201  |U M6000  |Y 86  |7 A000000201 
856 4 |u http://is.stuba.sk/zp/portal_zp.pl?podrobnosti=180278 
996 |c M* BP-9982  |l MMSKP  |s P  |a 0  |w stuzp103665_0001